| 000 | 01695 a2200241 4500 | ||
|---|---|---|---|
| 001 | 4478 | ||
| 005 | 20260407155436.0 | ||
| 008 | 260407a1981 arg spa d | ||
| 003 | AR-UNSa-BCEJYS | ||
| 040 |
_aAR-UNSa-BCEJYS _bspa _cAR-UNSa-BCEJYS |
||
| 080 |
_a658 _xAdministración de empresas. Organización comercial |
||
| 245 | 1 | 0 | _aPrincipios de administración |
| 020 | _a950-02-5030-6 | ||
| 250 | _a6a. ed. | ||
| 264 | 1 |
_aBuenos Aires : _bEl Ateneo _c1981 |
|
| 300 |
_a169 p. _c26 cm. |
||
| 505 | _a1. Enfoques para el estudio de la administración - 2. Funciones de los administradores - 3. Objetivos - 4. La decisión en administración - 5. Los métodos cuantitativos en la decisión gerencial - 6. El planeamiento - 7. Pronósticos, premisas, estrategias y planeamiento - 8. Tipos de planes - 9. Cómo poner los planes en acción - 10. Conceptos de organización - 11. Inferencias personales y sociales de la organización - 12. Departamentalización - 13. Autoridad - 14. El personal en la organización - 15. Dinámica de la organización - 16. La motivación y los gerentes modernos - 17. El mando - 18. La comunicación - 19. El liderazgo en la administración - 20. Evaluación y perfeccionamiento de los gerentes - 21. El control - 22. Controles clave en la administarción - 23. Controles generales - 24. Control presupuestario y PERT - 25. La administración en el extranjero - 26. La administración en el futuro | ||
| 942 | _cBK | ||
| 590 | _aniveau_biblio:m niveau_hierar:0 | ||
| 100 | 1 | _aTerry, George R. | |
| 700 | 1 | _aRue, Leslie | |
| 856 | 4 | 1 |
_uhttps://t3.gstatic.com/images?q=tbn:ANd9GcS4ZGu1iCclbaO5KZdSbqzWnKgxjGq4OWYO_15eV-NHKyL-m4npdQ _yImagen de portada _qimage/jpeg |
| 999 |
_c432 _d432 |
||